Loading...
Educational psychology in the classroom
| Main Author: | |
|---|---|
| Format: | Printed Book |
| Language: | English |
| Edition: | 5 |
| Subjects: |
| LEADER | 00411nam a2200121Ia 4500 | ||
|---|---|---|---|
| 008 | 101008s9999 xx 000 0 eng d | ||
| 100 | |a Lindgren, Henry clay | ||
| 245 | |a Educational psychology in the classroom | ||
| 250 | |a 5 | ||
| 650 | |a Educational Psychology | ||
| 942 | |c BK | ||
| 999 | |c 182097 |d 182097 | ||
| 952 | |0 0 |1 0 |4 0 |7 0 |9 201389 |a EDU |b EDU |c ST1 |d 2010-10-20 |i 3644 |l 2 |p EDU3644 |q 2021-08-06 |r 2021-07-06 |s 2021-07-06 |w 2010-10-20 |y BK | ||